Riconosci il Pokémon - Quiz n°935 - Statistics

Statistiche generali
  • Questo quiz è stato fatto 2 volte
  • Il punteggio medio è 6 su 10
Statistiche sulle risposte
Indizio Risposta % Corretto
Tipo Buio / Ghiaccio
100%
Generazione Nona
100%
Peso 152,2 kg
50%
Altezza 1,9 m
50%
Tasso di cattura 6 (2.6%)
50%
Pokémon Chien-Pao
50%
Tasso di allevamento Lento
50%
Stadio evoluzione Non si evolve
50%
Sesso Sconosciuto
50%
Abilità Spada Nefasta
50%
Nessun quiz corrispondente trovato
Distribuzione punteggi
Percentuale di utenti per punteggio
Percentile per numero di risposta
I tuoi punteggi nel tempo
Non hai fatto questo quiz